Responses for Show #951 - Monday, October 24, 1988

Contestants

[<< previous game]

Bob Chauls, a composer and professor from Westlake Village, California

Keith Hunsinger, a pastor developer from Lakeland, Florida

Harriet Helfand, an attorney from Fallston, Maryland (whose 2-day cash winnings total $20,400)

[next game >>]

Jeopardy! Round responses

OLD TESTAMENT
GEOGRAPHICAL SONGS
STARTS WITH "G"
COLONIAL AMERICA
THE SUPER BOWL
'50s TV TRIVIA
    $100 22
David

Keith
    $100 16
Kentucky

Bob
    $100 1
grace

Harriet
    $100 5
slavery

Bob
    $100 10
John Elway

Bob
    $100 21
Dough

Bob
    $200 23
leprosy

Keith
    $200 17
British Museum

Bob
    $200 2
[Harriet said it as "guest."]

geste

Harriet
    $200 6
The Revolution

Bob
    $200 11
(Alex: Yes, Joe Namath.)

New York Jets

Bob
    $200 26
[The end-of-round signal sounds.]

Ernie

Keith
    $300 24
Israel

Bob
    $300 18
New Orleans

Harriet
    $300 3
Gregg

Harriet
    $300 7
Holland (the Netherlands)

Bob
    $300 12
New Orleans

Bob
    $400 25
snake

Harriet
    $400 19
(Bob: What is Texas?)

Wyoming

HarrietBob
    $400 4
game or gamy

Keith
    $400 8
blue

Keith
    $400 13
(Keith: What is Pittsburgh?)
(Alex: Pittsburgh? Could you be more specific?)

Pittsburgh Steelers

Keith
    $100 20
(Harriet: Havana?)
(Alex: We've got less than a minute to go.)
[The song ("I Go To Rio" by Peter Allen) was not reprised going into the break.]

Rio

Harriet
    $500 15
Gorgons

Harriet
    $500 9
(Harriet: What is Massachusetts?)
(Bob: What is Rhode Island?)
(Keith: What is New York?)

Plymouth Colony

HarrietKeithBob
Triple Stumper
    $500 14
Minnesota Vikings

Bob

Scores at the first commercial break (after clue 12):

Harriet Keith Bob
$100 $300 $700

Scores at the end of the Jeopardy! Round:

Harriet Keith Bob
$1,600 $1,200 $1,500

Double Jeopardy! Round responses

DEMOCRATS
ANATOMY
EUROPE
THEATER BOOKS
ART
BY THE NUMBERS
    $200 4
Babbitt

Harriet
    $200 7
100,000

Triple Stumper
    $200 1
(2 of) Italy & Iberian (or Balkan)

Bob
    $200 20
Joan of Arc

Harriet
    $200 15
pre-Columbian

Bob
    $200 17
(Keith: What is 3rd?)
(Alex: Right, [same time as Keith] or 3.)

3rd or 3

Keith
    $400 5
(Senator) Gore

Harriet
    $400 8
(Keith: What is black?)

red

KeithBob
    $400 2
(Keith: What is France?)

Belgium

KeithBob
    $400 21
Joseph Papp

Bob
    $400 23
12

Keith
    $300 6
Armed Services Committee

Harriet
    $600 11
retina

Bob
    $600 3
Munich

Harriet
    $600 24
make-up

Triple Stumper
    $600 18
600

Keith
    $800 9
(Henry) Cisneros

Harriet
    $800 13
(Keith: What is the, what is a chin?)

solar plexus

Keith
Triple Stumper
    $800 12
Garibaldi

Harriet
    $800 25
playwriting

Bob
    $800 19
150 years

Harriet
    $1000 10
Averell Harriman

Harriet
    $1000 14
(Bob: What is the voice box?)
(Keith: What is the pharynx?)

Adam's apple

KeithBob
Triple Stumper
    $1000 16
(Keith: What is Germany?)

Hungary

KeithBob
    $1000 26
[The end-of-round signal sounds.]

Stanislavski

Bob
    $2,000 22
(Bob: ...What is...[*]?)
(Alex: We've got a minute to go. In Great Britain it's different, they have 18.)

12

Bob

Scores at the end of the Double Jeopardy! Round:

Harriet Keith Bob
$6,700 -$1,200 $7,500

[wagering suggestions for these scores]

Final Jeopardy! Round responses

WORLD HISTORY
HarrietWhat are is Cuba?
$6,700
BobWhat is Cuba
$6,000
Cuba

Final scores:

Harriet Keith Bob
$13,400 -$1,200 $13,500
2nd place: a trip on Eastern with stay at the Sheraton Grand Paradise Island in the Bahamas 3rd place: Gold Coin maple leafs gold coins New champion: $13,500

Game dynamics:

Coryat scores:

Harriet Keith Bob
$7,100 -$1,200 $6,500
16 R
(including 1 DD),
2 W
(including 1 DD)
9 R,
6 W
21 R
(including 1 DD),
3 W

Combined Coryat: $12,400

[game clues] [game scores] [suggest correction]

Game tape date: 1988-09-06
The J! Archive is created by fans, for fans. Scraping, republication, monetization, and malicious use prohibited; this site may use cookies and collect identifying information. See terms. The Jeopardy! game show and all elements thereof, including but not limited to copyright and trademark thereto, are the property of Jeopardy Productions, Inc. and are protected under law. This website is not affiliated with, sponsored by, or operated by Jeopardy Productions, Inc. Join the discussion at JBoard.tv.